000 00532nam a2200193Ia 4500
999 _c6543
_d6543
003 OSt
005 20200203151954.0
008 190216s9999||||xx |||||||||||||| ||und||
020 _a8127214973
040 _coclc
082 _a336.2
_bGAU/I
100 _aGaur, V P
_91446
245 0 _aIncometax : Law & Practice /
_cV P Gaur ; D B Narang
250 _a32nd ed.
260 _bKalyani Publishers,
_c2004.
_aLudhiana:
300 _a829p
650 _aCommerce
942 _cBK
_2ddc
_h336.2
_iGAU/I
_k336.2
_mGAU/I